Państwa, które zaczynają się od 2 spółgłosek - Statystyki

Ogólne statystyki
  • Ten quiz został rozwiązany 951 razy
  • Średni wynik to 18 z 30
Statystyki odpowiedzi
Kraj % Poprawnych
Szwecja
87%
Chiny
83%
Czechy
82%
Brazylia
79%
Francja
77%
Szwajcaria
77%
Chorwacja
75%
Grecja
73%
Stany Zjednoczone
73%
Chile
67%
Czarnogóra
66%
Słowacja
66%
Gruzja
65%
Słowenia
65%
Włochy
65%
Czad
62%
Bhutan
55%
Brunei
52%
Ghana
52%
Zjednoczone Emiraty Arabskie
52%
Dżibuti
50%
Gwinea
46%
Gwatemala
45%
Grenada
42%
Gwinea Bissau
42%
Gwinea Równikowa
42%
Sri Lanka
42%
Rwanda
41%
Trynidad i Tobago
40%
Mjanma
37%
Nie znaleziono quizów pasujących do podanych kryteriów
Rozkład punktacji
Procent ludzi z każdym wynikiem
Percentyl według liczby udzielonych odpowiedzi
Twoja historia wyników
Nie rozwiązałeś tego quizu